000 00695cam a2200253 4500500
005 20260405003006.0
041 _afre
042 _adc
100 1 0 _aDuru, Martin
_eauthor
245 0 0 _aPenseurs fourbus vs. penseurs pĂȘchus
260 _c2019.
500 _a13
690 _aCioran
690 _aDescartes
690 _aFatigue
690 _aMartin Duru
690 _aNietzsche
690 _aPeter Handke
690 _aPlotin
690 _aSartre
690 _aSimone Weil
786 0 _nPhilosophie magazine | 134 | 11 | 2019-11-01 | p. 24-24 | 1951-1787
856 4 1 _uhttps://shs.cairn.info/magazine-philosophie-magazine-2019-11-page-24?lang=fr&redirect-ssocas=7080
999 _c2063286
_d2063286